LEADER 00906nam a2200217 i 4500 001 000000103303 003 CaOOAMICUS 005 20221004145043.0 008 071029s1971 it u000 u ita u 013 $a75473 040 $aSeMil$bita 245 10$a3: Roma, Grecia, Le religioni orientali in età ellenistico-romana, Ebraismo. 300 $aXI, 793 p. 650 4$aCristianesimo - Storia.$0(OLS)http://semarc/subject/130 650 4$aReligioni - Storia.$0(OLS)http://semarc/subject/266 773 0 $tStoria delle religioni.$b6. ed. interamente rifatta e ampliata.$dTorino : UTET, 1970-1971.$w()6660 850 $aSeMil 852 $aSeMil$W1$xVenegono$y1$mSL1.M IV 27$j59764$B59764$CSeMilBibl$Z2$F44253 $8I 961 $aOmaggio: Altro 996 $6245$a3: Roma, Grecia, Le religioni orientali in età ellenistico-romana, Ebraismo$9(OLS)http://semarc/title/150098 LEADER 01077nam a2200241 i 4500 001 000000009868 003 CaOOAMICUS 005 20180830125440.0 008 180830s1980 fr u000 u und u 040 $aSeMil$bita 100 0 $aTertullianus, Quintus Septimius Florens,$d.$0(OLS)http://semarc/name/1146 245 10$aContre les valentiniens /$cTertullien. 260 $aParis :$bLes Éditions du Cerf,$c1980-1981. 300 $a2 v. (391 p.) 20 cm. 500 $aDalla biblioteca del card. Giovanni Colombo. 773 0 $tSources chrétiennes.$dParis : Les Éditions du Cerf, 1941-$kSources chrétiennes$x0750-1978$w()41 774 0 $tCommentaire et index.$kSources chrétiennes$z2-204-01690-X$gTome2$w()80919 774 0 $tIntroduction, texte critique, traduction.$kSources chrétiennes$z2-204-01679-9$gTome1$w()84720 900 0 $aTertulliano,$d. 941 1 $a3 996 $6245$aContre les valentiniens$9(OLS)http://semarc/title/13040 996 $6260$aParis :$bLes Éditions du Cerf$9(OLS)http://semarc/publisher/29611